000 00451nab a2200145Ia 4500
003 ES-SlBCS
005 20210601131815.0
008 140529s1970 xxu||||| |||| 00| 0 fre d
041 _afre
100 1 _aHardouin-Duparc, Louis
_9188855
245 0 0 _aL'incarnation selon saint Jean
_c Louis Hardouin-Duparc
600 1 _aJuan, San-Encarnación
_9188925
773 0 _tVie Spirituelle (La)
_gvol. 123, nº. 577, 1970, págs. 470-480
_wRev496
942 _cAR
999 _c569140
_d569140